Isabel la Católica fundadora de España : su vida, su tiempo, su reinado : 1451-1504 /

Guardat en:
Dades bibliogràfiques
Autor principal: Silió Cortés, César (autor)
Format: Llibre
Idioma:espanyol
Publicat: Madrid, España : Espasa-Calpe, 1943, c1943
Etiquetes: Afegir etiqueta
Sense etiquetes, Sigues el primer a etiquetar aquest registre!

MARC

LEADER 00000nam^a2200000^a^4500
001 000455321
005 20250526000000.0
009 20260310123950.911
037 |a Acervo ITESO - Biblioteca 
041 |a ESP 
091 |a FHA. 00333 
100 |a Silió Cortés, César  |e (autor) 
245 1 0 |a Isabel la Católica fundadora de España :  |b su vida, su tiempo, su reinado : 1451-1504 / 
264 4 |a Madrid, España :  |b Espasa-Calpe,  |c 1943, c1943 
300 |a 445 p. ;  |c 22.0 cm. 
336 |a texto  |b txt  |2 rdacontenido 
337 |a sin mediación  |b n  |2 rdamedio 
338 |a volumen  |b nc  |2 rdasoporte 
515 |a Inventario familia Hartung: 469 
649 |a XX 
910 |a Fondo Horst Hartung Franz 
920 |a Impresos - Libros 
930 |a Libros Antiguos y Raros 
905 |a 135 
901 |a 0500326951  |b IT2  |c LRA  |i D  |u 20250526 
902 |a https://opac.biblio.iteso.mx/vufind/Record/000455321